Donald Trump Trivia - Statistics

General Stats
  • This quiz has been taken 830 times
    99 since last reset
  • The average score is 8 of 10
Answer Stats
Question Answer % Correct
Name all 3 Democratic candidates who ran against Trump Joe Biden
95%
Name all 3 Democratic candidates who ran against Trump Hillary Clinton
94%
Name all 3 Democratic candidates who ran against Trump in the general elections Kamala Harris
91%
What was Trump's main slogan Make America Great Again
91%
What is Donald Trump's middle name(Hint: his initials are DJT) John
88%
In what borough of New York City would you find Trump Tower Manhattan
82%
What borough of New York City was Trump born in Queens
77%
What TV show did Trump host from 2004-2015 The Apprentice
71%
Donald Trump is the second President to have served 2non consecutive terms. Who was the first Grover Cleveland
67%
What was the name of his Floridian home Mar-A-Lago
67%
No matching quizzes found
Score Distribution
Percent of People with Each Score
Percentile by Number Answered
Your Score History
You have not taken this quiz since the last reset